[Event "Landesliga U20 Sued 1112"]
[Site "Bayern"]
[Date "2012.03.10"]
[Round "7.3"]
[White "Koehler, Max"]
[Black "Puettner, Anna Theresa"]
[Result "1-0"]
[WhiteElo "1615"]
[BlackElo "707"]
[PlyCount "61"]
[EventDate "2011.11.12"]
[EventType "team-tourn"]
[EventRounds "7"]
[EventCountry "GER"]
[SourceTitle "EXT 2022"]
[Source "ChessBase"]
[SourceDate "2021.10.06"]
[SourceVersion "1"]
[SourceVersionDate "2021.10.06"]
[SourceQuality "1"]
[WhiteTeam "Muenchen Tarrasch U20"]
[BlackTeam "Ortenburg U20"]
[WhiteTeamCountry "GER"]
[BlackTeamCountry "GER"]

1. e4 e5 2. Nf3 Nc6 3. Bb5 Nf6 4. d3 d6 5. Nc3 Be6 6. Bd2 d5 7. exd5 Nxd5 8. Nxe5 Nde7 9. 0-0 Nf5 10. Nxc6 bxc6 11. Bxc6+ Bd7 12. Bxa8 Qxa8 13. Qe2+ Ne7 14. Rfe1 Qc6 15. Bg5 Bc8 16. Bxe7 Qd7 17. Bxf8+ Kxf8 18. Nd5 g6 19. Nf6 Qc6 20. Qe8+ Qxe8 21. Rxe8+ Kg7 22. Rxh8 Kxh8 23. Re1 Be6 24. Ne8 c5 25. Re5 Bxa2 26. Rxc5 Bb1 27. Kf1 Bxc2 28. Rxc2 f5 29. Rc7 h5 30. Nf6 a5 31. Rh7# 1-0